| 000 | 00663nam a22002417a 4500 | ||
|---|---|---|---|
| 001 | BR2013007044 | ||
| 003 | BR-BrBNA | ||
| 005 | 20230928104244.0 | ||
| 007 | ta | ||
| 008 | 230509b bl.||||| |||| 00| 0 por d | ||
| 040 |
_aBR-BrBNA _bpor _cBiblioteca Nacional de Agricultura |
||
| 041 | _a(Por) | ||
| 072 | _aE13 | ||
| 090 | _ E13 BR2013007044 | ||
| 110 | 1 |
_aBanco Central do Brasil, Brasília, DF (Brasil) _91041 |
|
| 245 | 1 | _aCooperativas de crédito | |
| 260 | 3 |
_aBrasília, DF (Brasil): _c2006. |
|
| 300 | _a118 p. | ||
| 650 | _aCOOPERATIVA DE CRÉDITO | ||
| 650 | _aINSTITUIÇÃO FINANCEIRA | ||
| 909 |
_a202309 _bLucia _c55 _dLucia Elande |
||
| 942 | _cBK | ||
| 999 |
_c78933 _d78933 |
||